| 000 | 00829nam a2200217Ia 4500 | ||
|---|---|---|---|
| 001 | 19306 | ||
| 005 | 20260320165329.0 | ||
| 008 | 260306t2016||||xx |||||||||||||| ||spa|| | ||
| 041 | _aESP | ||
| 082 |
_a658.83 _bM522 |
||
| 100 |
_aMcDaniel, Carl _eAUT |
||
| 245 | 0 | _aInvestigación de mercados | |
| 260 | _c2016 | ||
| 300 |
_axxii, 552, 72 páginas : _c27 cm. |
||
| 650 | _aGEN | ||
| 654 | _aCAN | ||
| 856 |
_uhttps://itmsp.museknowledge.com/UCSP?url=https://www.ebooks7-24.com:443/?il=2757&pg=1 _zVersión digital |
||
| 856 |
_uhttps://0u213tdqq-y-https-ebooks7--24-com.itmsp.museknowledge.com/biblioteca.aspx _zVéase además: Base de datos Ebook7-24 |
||
| 856 |
_uhttps://0u20ftdqv-y-https-research-ebsco-com.itmsp.museknowledge.com/c/qxo6us/search _zVéase además: Base de datos EBSCOhost |
||
| 942 |
_cLIB _dJUS _fJUS _2ddc |
||
| 999 |
_c19306 _d19306 |
||